[Event "IECC O-4031"]
[Site "IECC email"]
[Date "2015.08.17"]
[Round "?"]
[White "Fournier, Frederic"]
[Black "Moye, Harold"]
[Result "1/2-1/2"]
[WhiteElo "2092"]
[BlackElo "2083"]
[PlyCount "42"]
[EventDate "2015.??.??"]
[EventType "swiss (corr)"]
[EventRounds "2"]
[SourceTitle "Corr 2020"]
[Source "ChessBase"]
[SourceDate "2019.09.30"]
[SourceVersion "1"]
[SourceVersionDate "2019.09.30"]
[SourceQuality "1"]
[WhiteTeam "France"]
[BlackTeam "United States"]
[WhiteTeamCountry "FRA"]
[BlackTeamCountry "USA"]

1. Nf3 g6 2. d4 Nf6 3. b4 Bg7 4. Bb2 b6 5. e3 c5 6. c3 Bb7 7. Nbd2 0-0 8. bxc5 bxc5 9. Rb1 Qc8 10. Be2 d6 11. 0-0 Nbd7 12. c4 Rb8 13. d5 Nb6 14. Qc2 e5 15. dxe6 Qxe6 16. Ng5 Qe7 17. Bf3 h6 18. Bxb7 Rxb7 19. Nge4 Re8 20. Bxf6 Bxf6 21. a4 Rbb8 1/2-1/2

[Event "Le Touquet op 18th"]
[Site "Le Touquet"]
[Date "2003.10.30"]
[Round "5"]
[White "Baskewitsch, Pierre"]
[Black "Fournier, Frederic"]
[Result "1-0"]
[WhiteElo "2192"]
[BlackElo "1877"]
[PlyCount "25"]
[EventDate "2003.10.26"]
[EventType "swiss"]
[EventRounds "9"]
[EventCountry "FRA"]
[SourceTitle "EXT 2004"]
[Source "ChessBase"]
[SourceDate "2003.11.25"]
[SourceVersion "1"]
[SourceVersionDate "2003.11.25"]
[SourceQuality "1"]

1. d4 e5 2. dxe5 Nc6 3. Nf3 Qe7 4. c3 Nxe5 5. Nxe5 Qxe5 6. g3 c6 7. Bg2 Nf6 8. 0-0 Be7 9. Bf4 Qe6 10. e4 0-0 11. Nd2 Qg4 12. Bf3 Qh3 13. e5 1-0

[Event "Liape A-006 email"]
[Site "Liape email"]
[Date "2003.02.02"]
[Round "5"]
[White "Fournier, Frederic"]
[Black "Bruscato Costa, Rodrigo"]
[Result "1-0"]
[WhiteElo "2215"]
[BlackElo "1991"]
[PlyCount "121"]
[EventDate "2003.01.29"]
[EventType "tourn (corr)"]
[EventRounds "6"]
[EventCountry "ARG"]
[SourceTitle "Corr 2006"]
[Source "ChessBase"]
[SourceDate "2006.04.01"]
[SourceVersion "3"]
[SourceVersionDate "2006.04.01"]
[SourceQuality "1"]

1. e4 c5 2. b4 cxb4 3. a3 bxa3 4. Nxa3 Nc6 5. d4 d5 6. e5 Bf5 7. c3 e6 8. Nf3 Be7 9. Be2 a6 10. 0-0 b5 11. Nc2 Be4 12. Nd2 Bg6 13. Ba3 Bg5 14. Bc5 Bf4 15. Nb4 Nxb4 16. cxb4 Qd7 17. Nb3 Ne7 18. Ra5 0-0 19. Qa1 Qb7 20. Bd6 Rfc8 21. Nc5 Rxc5 22. Bxc5 Nc6 23. Ra3 Bc2 24. Qb2 Ba4 25. Rfa1 Qc7 26. Bd3 Rc8 27. g3 Bg5 28. f4 Bd8 29. Rc3 a5 30. bxa5 Qxa5 31. Rca3 Rb8 32. Qc1 Rc8 33. Qb1 h5 34. Bxb5 Qxb5 35. Rxa4 Qe2 36. Qe1 Qd3 37. R4a3 Qc2 38. R1a2 Qc4 39. Qf1 Rb8 40. Ra8 Qb3 41. Rxb8 Qxb8 42. f5 exf5 43. Qxf5 g6 44. Qd3 Kg7 45. Ra6 Qb7 46. Qf1 Bg5 47. h4 Bd8 48. e6 f5 49. Qe2 Qc7 50. Rxc6 Qxg3+ 51. Kf1 Qh3+ 52. Qg2 Qd3+ 53. Kg1 Bxh4 54. Rc7+ Kh8 55. e7 Qd1+ 56. Kh2 Bxe7 57. Rxe7 Qg4 58. Qxg4 hxg4 59. Bd6 Kg8 60. Rd7 Kh8 61. Kg3 1-0

[Event "Liape A-006 email"]
[Site "Liape email"]
[Date "2003.02.01"]
[Round "4"]
[White "Agut Alvarez, Josep Lluis"]
[Black "Fournier, Frederic"]
[Result "1-0"]
[WhiteElo "1950"]
[BlackElo "2215"]
[PlyCount "35"]
[EventDate "2003.01.29"]
[EventType "tourn (corr)"]
[EventRounds "6"]
[EventCountry "ARG"]
[SourceTitle "Corr 2006"]
[Source "ChessBase"]
[SourceDate "2006.04.01"]
[SourceVersion "3"]
[SourceVersionDate "2006.04.01"]
[SourceQuality "1"]

1. e4 e5 2. Nf3 d6 3. d4 f5 4. Nc3 fxe4 5. Nxe4 d5 6. Nxe5 dxe4 7. Qh5+ g6 8. Nxg6 Nf6 9. Qe5+ Kf7 10. Bc4+ Kg7 11. Bh6+ Kxh6 12. Nxh8 Bb4+ 13. c3 Qxh8 14. cxb4 Qf8 15. 0-0 Nc6 16. Qf4+ Kg7 17. b5 Ne7 18. Qxc7 1-0

[Event "Liape A-006 email"]
[Site "Liape email"]
[Date "2003.01.31"]
[Round "3"]
[White "Fournier, Frederic"]
[Black "Ortiz, Andres G"]
[Result "1-0"]
[WhiteElo "2215"]
[BlackElo "2200"]
[PlyCount "63"]
[EventDate "2003.01.29"]
[EventType "tourn (corr)"]
[EventRounds "6"]
[EventCountry "ARG"]
[SourceTitle "Corr 2006"]
[Source "ChessBase"]
[SourceDate "2006.04.01"]
[SourceVersion "3"]
[SourceVersionDate "2006.04.01"]
[SourceQuality "1"]

1. e4 c5 2. b4 cxb4 3. a3 d5 4. axb4 dxe4 5. Nc3 Nf6 6. f3 e5 7. b5 Bc5 8. Bb2 exf3 9. Qxf3 Bg4 10. Qxb7 Nbd7 11. Be2 0-0 12. Bxg4 Nxg4 13. Nf3 e4 14. Nxe4 Rb8 15. Qd5 Qe7 16. Kf1 Rxb5 17. Nxc5 Nxc5 18. Re1 Qd8 19. Qxd8 Rxd8 20. Ba1 Ne6 21. h3 Nh6 22. Kf2 a5 23. g4 a4 24. Re4 Ra8 25. Rhe1 a3 26. Nd4 Rc5 27. Nxe6 fxe6 28. c3 Rf8+ 29. Kg2 Rd5 30. d4 Ra8 31. Rxe6 Kf7 32. Re7+ 1-0